Luyện tập và tự kiểm tra, đánh giá theo chuẩn kiến thức , kĩ năng : Hoá học 10 nâng cao
Bộ sách gồm 8 cuốn, được viết theo từng bài của Chuẩn kiến thức, kĩ năng. Mỗi cuốn gồm hai phần: Phần I. Kiến thức cần nắm vững và bài tập theo chuẩn kiến thức kĩ năng gồm: Kiến thức cần nắm vững theo chuẩn kiến thức, kĩ năn...
Gardado en:
| Autor Principal: | |
|---|---|
| Formato: | Libro |
| Idioma: | Undetermined |
| Publicado: |
Hà Nội
Giáo dục Việt Nam
2010
|
| Những chủ đề: | |
| Các nhãn: |
Engadir etiqueta
Sen Etiquetas, Sexa o primeiro en etiquetar este rexistro!
|
| Thư viện lưu trữ: | Trung tâm Học liệu Trường Đại học Cần Thơ |
|---|
| LEADER | 01322nam a2200229Ia 4500 | ||
|---|---|---|---|
| 001 | CTU_184941 | ||
| 008 | 210402s9999 xx 000 0 und d | ||
| 020 | |c 37500 | ||
| 082 | |a 540.712 | ||
| 082 | |b Th550 | ||
| 100 | |a Đặng, Xuân Thư | ||
| 245 | 0 | |a Luyện tập và tự kiểm tra, đánh giá theo chuẩn kiến thức , kĩ năng : | |
| 245 | 0 | |b Hoá học 10 nâng cao | |
| 245 | 0 | |c Đặng Xuân Thư ( chủ biên) | |
| 260 | |a Hà Nội | ||
| 260 | |b Giáo dục Việt Nam | ||
| 260 | |c 2010 | ||
| 520 | |a Bộ sách gồm 8 cuốn, được viết theo từng bài của Chuẩn kiến thức, kĩ năng. Mỗi cuốn gồm hai phần: Phần I. Kiến thức cần nắm vững và bài tập theo chuẩn kiến thức kĩ năng gồm: Kiến thức cần nắm vững theo chuẩn kiến thức, kĩ năng; một số ví dụ; bài tập theo chuẩn kiến thức kĩ năng; bài tập nâng cao ; Phần II. Hướng dẫn giải - Đáp số | ||
| 650 | |a Chemistry,Hóa học | ||
| 650 | |x Study and teaching (Secondary),Học và giảng dạy (trung học) | ||
| 904 | |i Ngọc Loan | ||
| 980 | |a Trung tâm Học liệu Trường Đại học Cần Thơ | ||